000 00631nam a2200217Ia 4500
005 20231214112340.0
008 131103s9999 xx 000 0 und d
020 _a194355020
_cRs. 50
040 _aLoreto College
041 _aEnglish
082 _a428
_bCUN
100 _aCunningham, Sarah
245 _aEveryday Listening and Speaking,
_cSarah Cunningham and Peter Moor
250 _a Intermediate
260 _aOxford
_bOxford University Press
_c1992
300 _a80 p.
_b ill.
440 _aMaking Headway Intermediate
650 _aListening and Speaking - Communicative English
850 _aLCLIB
942 _cBK
999 _c6389
_d56868